00642nam a2200205Ia 450000500170000000800410001702000140005804000190007204100120009108200150010310000350011824500630015326000270021630000150024350400360025863000530029465000570034765100220040485000100042620240217112201.0131103s9999 xx 000 0 und d a275985857 aLoreto College aEnglish a363.7bJOH aJohansen, Bruce Elliott, 1950- aGlobal warming in the 21st centurycBruce Elliott Johansen aLondonbAtlanticc2007 av.3b ill. av.3 Plants and animals in peril aGlobal warming - Political aspects, 21st century aGlobal warming - Environmental aspects, 21st century aNatural disasters aLCLIB